Aktivní přístup k pohledávkám

Definícia, výhody a nevýhody pohľadávok. Vznik pohľadávok a jeho zaradenie do chodu podniku. Cyklus peňazí vo výrobnom procese. Náklady na pohľadávky. Riadenie pohľadávok. Fiktívna a reálna splatnosť.

Salvato in:
Dettagli Bibliografici
Autore principale: Cyrankowski, Lukáš
Natura: Capitolo di libro
Lingua:ceco
Soggetti:
Tags: Aggiungi Tag
Nessun Tag, puoi essere il primo ad aggiungerne!!

MARC

LEADER 00000naa$a2200000$$$4500
001 0074805
005 20230509080552.7
041 0 |a cze 
044 |a CZ 
245 1 0 |a Aktivní přístup k pohledávkám  |c Lukáš Cyrankowski 
520 |a Definícia, výhody a nevýhody pohľadávok. Vznik pohľadávok a jeho zaradenie do chodu podniku. Cyklus peňazí vo výrobnom procese. Náklady na pohľadávky. Riadenie pohľadávok. Fiktívna a reálna splatnosť. 
610 2 0 |a pohľadávky 
610 2 0 |a riadenie finančné 
610 2 0 |a dodávky 
610 2 0 |a controller 
100 1 |a Cyrankowski, Lukáš